[Event "Rio Branco op"]
[Site "Rio Branco"]
[Date "2016.12.17"]
[Round "3"]
[White "Feitosa Rodrigues, Adriano Tito"]
[Black "Do Nascimento, Ismael Carlos Amor"]
[Result "0-1"]
[WhiteElo "1667"]
[BlackElo "1798"]
[PlyCount "96"]
[EventDate "2016.12.16"]
[EventType "swiss"]
[EventRounds "6"]
[EventCountry "BRA"]
[SourceTitle "CBM 176 Extra"]
[Source "ChessBase"]
[SourceDate "2017.03.02"]
[SourceVersion "1"]
[SourceVersionDate "2017.03.02"]
[SourceQuality "1"]

1. e4 c5 2. Nf3 e6 3. Nc3 a6 4. d4 cxd4 5. Nxd4 g6 6. Bf4 d6 7. Nf3 Qb6 8. Qd3 e5 9. Be3 Qa5 10. Rd1 Nf6 11. Be2 Be6 12. 0-0 Be7 13. Bg5 Nbd7 14. b4 Qc7 15. h3 h6 16. Be3 b5 17. Qd2 Rc8 18. Nb1 Nxe4 19. Qc1 g5 20. Bd3 Ndf6 21. Qb2 Nc3 22. Nxc3 Qxc3 23. Qb1 e4 24. Bd4 Qc6 25. Qb2 exd3 26. Rxd3 Rg8 27. Rc3 Qd7 28. Bxf6 g4 29. Rxc8+ Qxc8 30. Nh4 gxh3 31. Re1 Qd8 32. Bxe7 Qxe7 33. Qd4 Rg4 34. Qxg4 Bxg4 35. Rxe7+ Kxe7 36. g3 Ke6 37. f3 Bf5 38. c3 Bd3 39. Kf2 Kd5 40. f4 Kc4 41. Nf3 Kxc3 42. Ke3 f6 43. a3 Bf5 44. Kf2 Be4 45. Nh2 d5 46. Ke3 Bg2 47. g4 d4+ 48. Ke2 Kc2 0-1

[Event "Rio Branco op"]
[Site "Rio Branco"]
[Date "2016.12.16"]
[Round "1"]
[White "Cabrera, Dino Luis Hernandez"]
[Black "Feitosa Rodrigues, Adriano Tito"]
[Result "1-0"]
[WhiteElo "2066"]
[BlackElo "1667"]
[PlyCount "81"]
[EventDate "2016.12.16"]
[EventType "swiss"]
[EventRounds "6"]
[EventCountry "BRA"]
[SourceTitle "CBM 176 Extra"]
[Source "ChessBase"]
[SourceDate "2017.03.02"]
[SourceVersion "1"]
[SourceVersionDate "2017.03.02"]
[SourceQuality "1"]

1. d4 d5 2. Nf3 Nf6 3. c3 h6 4. Bf4 e6 5. Nbd2 Nh5 6. Be5 Nc6 7. e4 a6 8. h3 Bd6 9. Bxd6 Qxd6 10. e5 Qe7 11. Nh2 Nf4 12. Qg4 g5 13. g3 h5 14. Qf3 Ng6 15. Bd3 Bd7 16. Qe3 f5 17. exf6 Qxf6 18. Nhf3 0-0-0 19. Qxg5 Qxg5 20. Nxg5 Rhg8 21. 0-0-0 e5 22. Bxg6 Rxg6 23. Ngf3 e4 24. Nh4 Rf6 25. f3 Re8 26. Rde1 e3 27. Nf1 e2 28. Nd2 Re3 29. Rh2 Rfe6 30. Ng2 Ne5 31. dxe5 R3xe5 32. Nf4 Rf6 33. Rhxe2 Rxe2 34. Rxe2 Rf5 35. h4 c5 36. Nb3 b6 37. Kd2 a5 38. Re7 Bb5 39. Rh7 a4 40. Nc1 Be8 41. Nce2 1-0

[Event "Rondonia-ch 2nd"]
[Site "Porto Velho"]
[Date "2016.04.24"]
[Round "9"]
[White "Feitosa Rodrigues, Adriano Tito"]
[Black "Rocha, Walterio Carlos Ara"]
[Result "0-1"]
[WhiteElo "1837"]
[BlackElo "1788"]
[PlyCount "40"]
[EventDate "2016.04.21"]
[EventType "tourn"]
[EventRounds "9"]
[EventCountry "BRA"]
[SourceTitle "EXT 2022"]
[Source "ChessBase"]
[SourceDate "2021.10.06"]
[SourceVersion "1"]
[SourceVersionDate "2021.10.06"]
[SourceQuality "1"]

1. d4 c5 2. Nf3 cxd4 3. e4 dxe3 4. Bxe3 Nf6 5. Bc4 e6 6. 0-0 Nc6 7. Nd4 Be7 8. a3 0-0 9. Nc3 a6 10. h3 d5 11. Bb3 Ne5 12. g4 Ng6 13. f4 Qc7 14. Nf3 Nxf4 15. Bxf4 Qxf4 16. Ne2 Qe3+ 17. Kg2 h5 18. Nfd4 hxg4 19. hxg4 Bc5 20. Rf4 e5 0-1

[Event "Rondonia-ch 2nd"]
[Site "Porto Velho"]
[Date "2016.04.22"]
[Round "4"]
[White "Dos Santos, Janio Silva"]
[Black "Feitosa Rodrigues, Adriano Tito"]
[Result "1-0"]
[WhiteElo "1864"]
[BlackElo "1837"]
[PlyCount "67"]
[EventDate "2016.04.21"]
[EventType "tourn"]
[EventRounds "9"]
[EventCountry "BRA"]
[SourceTitle "EXT 2022"]
[Source "ChessBase"]
[SourceDate "2021.10.06"]
[SourceVersion "1"]
[SourceVersionDate "2021.10.06"]
[SourceQuality "1"]

1. e4 c5 2. Nf3 Nc6 3. d4 cxd4 4. Nxd4 e5 5. Nb3 Nf6 6. Bc4 Na5 7. Nxa5 Qxa5+ 8. Bd2 Qc5 9. Bd3 d5 10. exd5 Qxd5 11. Qe2 Qd4 12. Nc3 Bb4 13. Nb5 Bxd2+ 14. Qxd2 Qc5 15. Nd6+ Ke7 16. Ne4 Nxe4 17. Bxe4 h6 18. 0-0 Rd8 19. Qe2 f5 20. b4 Qc3 21. Bd3 e4 22. Rad1 Be6 23. Rfe1 Rd6 24. f3 Qd4+ 25. Kh1 exf3 26. Qxf3 Rad8 27. h3 Rc6 28. Kh2 Qxb4 29. Qg3 g5 30. Qe5 Kf7 31. Bxf5 Qf4+ 32. Qxf4 gxf4 33. Bxe6+ Kf6 34. Bg4 1-0

[Event "Rondonia-ch 2nd"]
[Site "Porto Velho"]
[Date "2016.04.22"]
[Round "3"]
[White "Feitosa Rodrigues, Adriano Tito"]
[Black "Rodrigues, Nadylson Marcelino"]
[Result "0-1"]
[WhiteElo "1837"]
[BlackElo "1580"]
[PlyCount "26"]
[EventDate "2016.04.21"]
[EventType "tourn"]
[EventRounds "9"]
[EventCountry "BRA"]
[SourceTitle "EXT 2022"]
[Source "ChessBase"]
[SourceDate "2021.10.06"]
[SourceVersion "1"]
[SourceVersionDate "2021.10.06"]
[SourceQuality "1"]

1. e4 d6 2. d4 Nf6 3. Nc3 Bg4 4. Be2 Bxe2 5. Qxe2 e6 6. Qb5+ Nfd7 7. Qxb7 Nb6 8. Nb5 Kd7 9. c4 a6 10. Na3 Nc6 11. d5 Na5 12. dxe6+ fxe6 13. Qxa8 Qxa8 0-1